| 000 | 00439nam a2200121Ia 4500 | ||
|---|---|---|---|
| 008 | 220204s9999 xx 000 0 und d | ||
| 082 |
_a678.065.629(540) _bAUT |
||
| 245 | 0 | _aAuto rubber India '98 : 1st international symposium on automotive rubber components May 5 and 6, 1998, Bombay | |
| 260 |
_aBombay _bAkron Rubber Development Laboratory _c1998 |
||
| 650 | _aAutomotive rubber components | ||
| 650 | _aIndian tyre industry | ||
| 942 | _cBK | ||
| 999 |
_c43972 _d43972 |
||